البيان في روائع القرآن : (رقم التسجيلة. 5933)

تفاصيل مارك
000 -الفاتح
عناصر البيانات ثابتة الطول 00645cam a2200181 i 4500
005 - تاريخ ووقت آخر معاملة
حقل ضبط 20251124101410.0
008 - عناصر البيانات ثابتة الطول
عناصر البيانات ثابتة الطول 250721s1993 ua gr 000 0 ara d
082 14 - رقم تصنيف ديوي العشري
رقم التصنيف 211.6
رقم المادة ح س ا
100 1# - مدخل رئيسي – اسم شخصي
الاسم الشخصي حسان، تمام
علاقة الشخص بالعمل/ دوره مؤلف.
245 12 - بيان العنوان
العنوان البيان في روائع القرآن :
بقية العنوان دراسة لغوية أسلوبية للنص القرآني /
بيان المسؤولية الدكتور تمام حسان.
250 ## - بيان الطبعة
بيان الطبعة الطبعة الأولى.
264 31 - بيانات النشر، التوزيع…إلخ
مكان النشر، التوزيع...إلخ القاهرة :
اسم الناشر، الموزع...إلخ عالم الكتب،
تاريخ النشر، التوزيع...إلخ 1993.
300 ## - الوصف المادي
عدد الوحدات المكونة للوعاء 607 صفحة.
650 17 - مدخل إضافي بالموضوع - مصطلح موضوعي
مصطلح موضوعي أو اسم جغرافي كعنصر مدخل القرآن الكريم.
650 17 - مدخل إضافي بالموضوع - مصطلح موضوعي
مصطلح موضوعي أو اسم جغرافي كعنصر مدخل البلاغة.
942 ## - بيانات إضافية (كوها)
نوع التنصيف Dewey Decimal Classification
نوع المادة (كوها) كتب
المقتنيات
حالة السحب حالة الفقدان مصدر التصنيف حالة التلف غير قابل للإعارة المكتبة الرئيسية المكتبة الحالية موقع الرف تاريخ التزويد الرقم المتسلسل Total Checkouts رقم الإستدعاء الباركود تاريخ آخر ظهور تاريخ الفاتورة نوع المادة (كوها)
    Dewey Decimal Classification     المكتبة المركزية المكتبة المركزية الإعارة 06/07/2004 321456   211.6 / ح س ا 321456 28/07/2025 06/07/2004 كتب
Implemented & Customized by: BBB with SCIT (Smart Chains for Information Technology)

Powered by Koha